| 000 | 00902cam a22002411a 4500 | ||
|---|---|---|---|
| 001 | af 50000040 | ||
| 003 | DLC | ||
| 005 | 20260227110919.0 | ||
| 008 | 881021m19399999gw ab b 000 0 ger c | ||
| 010 | _aaf 50000040 | ||
| 035 | _a(OCoLC)18652263 | ||
| 040 |
_aChicago Univ. Libr. _cNcD _dNcD _dDLC |
||
| 042 | _apremarc | ||
| 050 | 0 | 0 |
_aPF5364.S4 _bS3 |
| 245 | 0 | 0 |
_aZimbrische Sprachreste / _cnach dem Volksmunde aufgenommen und mit hochdeutscher Übersetzung herausgegeben von Bruno Schweizer. |
| 260 |
_aHalle (Saale) : _bM. Niemeyer, _c1939- |
||
| 300 |
_av. : _bill., maps ; _c26 cm. |
||
| 490 | 0 |
_aDeutsches Ahnenerbe. Reihe B, Fachwissenschaftliche Untersuchungen. Abteilung: Arbeiten zur Germanenkunde ; _vBd. 5 |
|
| 504 | _aBibliography: v. 1, p. 127-128. | ||
| 505 | 1 | _aT. 1. Texte aus Giazza (Dreizehn Gemeinden ob Verona) | |
| 650 | 0 | _aCimbrian language. | |
| 700 | 1 | _aSchweizer, Bruno. | |
| 999 |
_c6930 _d6930 |
||